Presidents-Part 2 - Statistics

General Stats
  • This quiz has been taken 8 times
  • The average score is 9 of 15
Answer Stats
Hint Answer % Correct
#16 Abraham Lincoln
88%
#22 Grover Cleveland
88%
#24 [same president as #22] Grover Cleveland
88%
#17 Andrew Johnson
75%
#21 Chester A. Arthur
75%
#28 Woodrow Wilson
75%
#30 Calvin Coolidge
63%
#26 Theodore Roosevelt
63%
#18 Ulysses S. Grant
63%
#20 James A. Garfield
50%
#25 William McKinley
50%
#19 Rutherford B. Hayes
38%
#29 Warren G. Harding
38%
#27 William H. Taft
38%
#23 Benjiman Harrison
13%
No matching quizzes found
Score Distribution
Percent of People with Each Score
Percentile by Number Answered
Your Score History
You have not taken this quiz